Philosophical writings / (Record no. 172546)

MARC details
000 -LEADER
campo de control de longitud fija 00858nam a2200241 i 4500
001 - NÚMERO DE CONTROL
campo de control 172546
003 - IDENTIFICADOR DE NÚMERO DE CONTROL
campo de control ES-MaACL
005 - FECHA Y HORA DE LA ÚLTIMA TRANSACCIÓN
campo de control 20250804074424.0
008 - DATOS DE LONGITUD FIJA--INFORMACIÓN GENERAL
campo de control de longitud fija 090716s19571959xxk |||| | eng d
080 ## - NÚMERO DE LA CLASIFICACIÓN DECIMAL UNIVERSAL
Número de la Clasificación Decimal Universal 1 William of Ockham
100 0# - ENTRADA PRINCIPAL--NOMBRE DE PERSONA
Nombre de persona William of Ockham.
9 (RLIN) 116904
245 10 - MENCIÓN DEL TÍTULO
Título Philosophical writings /
Mención de responsabilidad, etc. Ockham ; a selection edited and translated by Philotheus Boehner.
260 ## - PUBLICACIÓN, DISTRIBUCIÓN, ETC.
Lugar de publicación, distribución, etc. Edinburgh ;
-- London :
Nombre del editor, distribuidor, etc. Nelson,
Fecha de publicación, distribución, etc. 1957 (
Fecha de fabricación/manufactura 1959)
300 ## - DESCRIPCIÓN FÍSICA
Extensión LIX, 157 p. [1] p. de lám. ;
Dimensiones 18 cm.
490 1# - MENCIÓN DE SERIE
Mención de serie Nelson philosophical texts
500 ## - NOTA GENERAL
Nota general Índices.
650 #7 - PUNTO DE ACCESO ADICIONAL DE MATERIA--TÉRMINO DE MATERIA
Término de materia o nombre geográfico como elemento de entrada Filosofía medieval
Fuente del encabezamiento o término embne
9 (RLIN) 12857
700 0# - ENTRADA AGREGADA--NOMBRE PERSONAL
Nombre de persona Boehner, Philotheus.
9 (RLIN) 29741
830 0# - PUNTO DE ACCESO ADICIONAL DE SERIE-TÍTULO UNIFORME
Título uniforme Nelson philosophical texts
9 (RLIN) 223363
852 ## - LOCALIZACIÓN
Ubicación ES-MaACL
Número de control de estantería E-12866
itemnumber R.139207
Nota libre .- Biblioteca Jacinto Martínez Lacalle
Holdings
Estatus retirado Estado de pérdida Estado de daño No para préstamo Biblioteca de origen Biblioteca actual Ubicación en estantería Fecha de adquisición Fuente de adquisición Total de préstamos Signatura topográfica completa Código de barras Visto por última vez Precio de reemplazo Tipo de ítem Koha
        Biblioteca del Ateneo de Madrid Biblioteca del Ateneo de Madrid Depósito 2 16/07/2009     E-12866 1181073 23/02/2023 23/02/2023 Libro impreso